UN Headquarters /

Guardado en:
Detalles Bibliográficos
Autor principal: Le Corbusier (autor)
Formato: Libro
Idioma:Inglés
Publicado: Nueva York, EUA : Reinhold, 1974, c1974
Temas:
Etiquetas: Agrega una etiqueta
Sin etiquetas, Sé el primero en etiquetar este registro!

MARC

LEADER 00000nam^a2200000^a^4500
001 000184973
005 20250521000000.0
009 20260310102134.029
037 |a Acervo ITESO - Biblioteca 
041 |a ING 
082 |a 720. 97471  |b LEC 
100 |a Le Corbusier  |e (autor) 
245 1 0 |a UN Headquarters /  |c Le Corbusier. 
264 4 |a Nueva York, EUA :  |b Reinhold,  |c 1974, c1974 
300 |a 80 p. 
336 |a texto  |b txt  |2 rdacontenido 
337 |a sin mediación  |b n  |2 rdamedio 
338 |a volumen  |b nc  |2 rdasoporte 
545 0 |a Nacido en la Suiza francesa en 1887 con el nombre de Charles-Edouard Jeanneret, Le Corbusier es considerado uno de los creadores y teóricos con mayor influencia en la historia de la arquitectura y el urbanismo mundiales. Sin haber cursado la carrera de Arquitectura, Le Corbusier concibió y estructuró una propuesta en la que la forma depende de la función y el ser humano es el centro de la actividad arquitectónica. Los proyectos del suizo muestran una combinación de formas simples y volúmenes muy definidos, organizados de acuerdo a un orden lógico, racional y funcional y con una decoración sencilla y geométrica. Algunas de estas premisas también pueden observarse en sus pinturas, pero tienen su expresión más cabal y reconocida en su obra arquitectónica: las Casas Citrohan (1921); el Centro Carpenter de Artes Visuales, en la Universidad de Harvard (1964); el edificio moscovita Centrosojus (1928); los edificios parisinos del Albergue del Ejército de Salvación (1929) y la Casa de Suiza (1930); el Ministerio de Salud de Brasil, en Río de Janeiro (1936); la capilla de Notre-Dame-du-Haut (1950-55) y el convento de Sainte-Marie de la Tourette (1957-1961), entre otros proyectos. Fallecido en 1965 en Francia, Le Corbusier dejó también un importante legado teórico en su obra escrita. De ese legado forma parte La Carta de Atenas, la más polémica de sus obras teóricas, que constituye una exposición de principios de urbanismo no superados en la práctica hasta ahora. 
610 |a ONU 
649 |a XX 
650 |a Rascacielos -  |z Nueva York, EUA 
650 |a Edificios Públicos -  |z Nueva York, EUA 
650 |a Arquitectura Moderna -  |x Historia y Crítica 
650 |a Arquitectura Norteamericana -  |y 1940-1949 
650 |a Arquitectura Norteamericana -  |y Siglo XX 
650 |a Arquitectura Norteamericana -  |x Historia y Crítica 
650 |a Arte Moderno -  |x Historia y Crítica 
650 |a Arte Norteamericano -  |y 1940-1949 
650 |a Arte Norteamericano -  |y Siglo XX 
650 |a Arte Norteamericano -  |x Historia y Crítica 
910 |a Fondo Julio de la Peña Lomelín 
920 |a Impresos - Libros 
930 |a Arquitectos Jaliscienses 
905 |a 115 
901 |a 0500125843  |b IT1  |c JAL  |u 20250521 
902 |a https://opac.biblio.iteso.mx/vufind/Record/000184973